<?xml version="1.0" encoding="UTF-8"?>
<collection xmlns="http://www.loc.gov/MARC21/slim">
    <record>
        <controlfield tag="001">88367</controlfield>
        <controlfield tag="005">20200414104347.0</controlfield>
        <datafield tag="020" ind1=" " ind2=" ">
            <subfield code="a">978-84-7733-949-6</subfield>
        </datafield>
        <datafield tag="024" ind1="7" ind2=" ">
            <subfield code="2">doi</subfield>
            <subfield code="a">10.26754/uz.978-84-7733-949-6</subfield>
        </datafield>
        <datafield tag="037" ind1=" " ind2=" ">
            <subfield code="a">BOOK-2020-033</subfield>
        </datafield>
        <datafield tag="041" ind1=" " ind2=" ">
            <subfield code="a">spa</subfield>
        </datafield>
        <datafield tag="100" ind1=" " ind2=" ">
            <subfield code="a">Álvarez Rubio, Mª del Rosario</subfield>
            <subfield code="b"></subfield>
        </datafield>
        <datafield tag="245" ind1=" " ind2=" ">
            <subfield code="a">Las historias de la literatura española en la Francia del siglo XIX</subfield>
        </datafield>
        <datafield tag="260" ind1=" " ind2=" ">
            <subfield code="a">Zaragoza</subfield>
            <subfield code="b">Prensas Universitarias de Zaragoza</subfield>
            <subfield code="c">2007</subfield>
        </datafield>
        <datafield tag="300" ind1=" " ind2=" ">
            <subfield code="a">398</subfield>
        </datafield>
        <datafield tag="520" ind1=" " ind2=" ">
            <subfield code="a">Este libro ofrece una aproximación al panorama que presentan los estudios sobre la historia de la literatura española editados en Francia en el curso del siglo XIX. A través del análisis fundamentalmente descriptivo y diacrónico de un conjunto acota- do de textos representativos a la luz de las nuevas teorías estéticas y críticas, la boga de las traducciones y el comparatismo naciente, el respeto hacia su panteón clásico en proceso de canonización y la consa- gración de la nacionalidad literaria, propone un recorrido por la percepción francesa de esta literatura fronteriza en su devenir y de la difusión de un canon de obras, géneros y autores durante la paulatina institucionalización de esta disciplina en Francia.</subfield>
        </datafield>
        <datafield tag="653" ind1="1" ind2=" ">
            <subfield code="a">literatura español–historia y crítica.</subfield>
        </datafield>
        <datafield tag="653" ind1="1" ind2=" ">
            <subfield code="a">crítica literaria–francia–s. xix</subfield>
        </datafield>
        <datafield tag="856" ind1="0" ind2=" ">
            <subfield code="f">zaguan@unizar.es</subfield>
        </datafield>
        <datafield tag="856" ind1="4" ind2=" ">
            <subfield code="u">http://zaguan.unizar.es/record/88367/files/BOOK-2020-033.pdf</subfield>
            <subfield code="z">Texto completo</subfield>
        </datafield>
        <datafield tag="909" ind1="C" ind2="O">
            <subfield code="o">oai:zaguan.unizar.es:88367</subfield>
            <subfield code="p">books</subfield>
        </datafield>
        <datafield tag="980" ind1=" " ind2=" ">
            <subfield code="a">BOOK</subfield>
            <subfield code="b">PRENSASUZ</subfield>
            <subfield code="b"></subfield>
        </datafield>
    </record>

    
</collection>